| Tag |
First Indicator |
Second Indicator |
Subfields |
| LEADER |
00000cam a2200000 4500 |
| 001 |
in00000054903 |
| 005 |
20151008052128.0 |
| 008 |
800509m18821910txu 00000 eng d |
| 035 |
|
|
|a (OCoLC)06302216
|
| 035 |
|
|
|9 AAH1817AM
|
| 040 |
|
|
|a TXA
|c TXA
|d UtOrBLW
|
| 049 |
|
|
|a TXAM
|v 1 [57439]
|v 2 [57488]
|
| 092 |
|
|
|a 364.9764
|b T35r
|
| 110 |
1 |
|
|a Texas.
|b Board of Penitentiary Commissioners.
|
| 245 |
1 |
0 |
|a Biennial report ... 1880/82-1908/10.
|
| 264 |
|
1 |
|a Austin, Tex.,
|b [publisher not identified] ;
|c 1882-1910.
|
| 300 |
|
|
|a 12 volumes in 2.
|
| 336 |
|
|
|a text
|b txt
|2 rdacontent
|
| 337 |
|
|
|a unmediated
|b n
|2 rdamedia
|
| 338 |
|
|
|a volume
|b nc
|2 rdacarrier
|
| 500 |
|
|
|a Created in 1846 as the Board of prison commissioners (name varies)
|
| 500 |
|
|
|a Succeeded by the Texas prison board, which became effective Jan. 20, 1911 under the act establishing the Texas prison system.
|
| 610 |
1 |
0 |
|a Texas.
|b Board of Prison Commissioners.
|
| 650 |
|
0 |
|a Prisons
|z Texas.
|
| 999 |
|
|
|a MARS
|
| 999 |
f |
f |
|s 7fd4cba6-0b86-37e7-b09e-f3f847d59e0f
|i 845e8d80-94ac-3cbf-b6ce-b34583a5eeff
|t 0
|
| 952 |
f |
f |
|p normal
|a Texas A&M University
|b College Station
|c Sterling C. Evans Library
|d Evans: Texas Documents (Annex 5th floor)
|t 0
|e P3100.3 B477
|h Superintendent of Documents classification
|i unmediated -- volume
|m A14800814749
|
| 952 |
f |
f |
|p normal
|a Texas A&M University
|b College Station
|c Sterling C. Evans Library
|d Evans: Texas Documents (Annex 5th floor)
|t 0
|e P3100.3 B477
|h Superintendent of Documents classification
|i unmediated -- volume
|m A14800814757
|
| 998 |
f |
f |
|a P3100.3 B477
|s v.1-v.2
|t 0
|l Evans: Texas Documents (Annex 5th floor)
|